[Event "Belgrade-chT Quality"]
[Site "Belgrade"]
[Date "2021.10.24"]
[Round "4.1"]
[White "Volas, Nikola"]
[Black "Bakic, Dragan"]
[Result "1/2-1/2"]
[WhiteElo "2095"]
[BlackElo "2156"]
[PlyCount "100"]
[EventDate "2021.10.16"]
[EventType "team-tourn"]
[EventRounds "11"]
[EventCountry "SRB"]
[SourceTitle "EXT 2023"]
[Source "ChessBase"]
[SourceDate "2022.10.05"]
[SourceVersion "1"]
[SourceVersionDate "2022.10.05"]
[SourceQuality "1"]
[WhiteTeam "Belgrade Obrenovac"]
[BlackTeam "Belgrade Zemun Teleoptic"]
[WhiteTeamCountry "SRB"]
[BlackTeamCountry "SRB"]

1. e4 c5 2. Nf3 e6 3. d4 cxd4 4. Nxd4 Nf6 5. Nc3 Nc6 6. a3 Qc7 7. Be2 a6 8. Be3 Be7 9. 0-0 0-0 10. f4 d6 11. Qd2 Na5 12. b3 b5 13. Bf3 Bb7 14. f5 Rac8 15. Nde2 e5 16. g4 d5 17. exd5 e4 18. Nxe4 Nxd5 19. Bd4 Rfd8 20. Qe1 Nf4 21. Be3 Nxe2+ 22. Qxe2 Bxe4 23. Bxe4 Nc6 24. Qg2 Bf6 25. Rad1 Rxd1 26. Rxd1 Ne5 27. g5 Be7 28. Bc1 Rd8 29. Rf1 Qc3 30. Kh1 Bf8 31. Bf4 Bxa3 32. g6 f6 33. gxh7+ Kh8 34. Rg1 Bf8 35. Bxe5 Qxe5 36. Bd3 a5 37. Qb7 Qd5+ 38. Qxd5 Rxd5 39. Re1 Kxh7 40. Re8 Bd6 41. Rd8 a4 42. bxa4 bxa4 43. Kg2 a3 44. Kf3 Ra5 45. Bc4 a2 46. Bxa2 Rxa2 47. Rxd6 Rxc2 48. Rd7 Rxh2 49. Rd5 Kh6 50. Kg3 Rh1 1/2-1/2

[Event "Belgrade Trophy 25th"]
[Site "Obrenovac"]
[Date "2011.11.30"]
[Round "7"]
[White "Sablic, Branislav"]
[Black "Volas, Nikola"]
[Result "0-1"]
[WhiteElo "1951"]
[BlackElo "2103"]
[PlyCount "80"]
[EventDate "2011.11.24"]
[EventType "swiss"]
[EventRounds "9"]
[EventCountry "YUG"]
[SourceTitle "CBM 145 Extra"]
[Source "ChessBase"]
[SourceDate "2012.01.03"]
[SourceVersion "1"]
[SourceVersionDate "2012.01.03"]
[SourceQuality "1"]

1. Nf3 Nf6 2. d4 c5 3. e3 g6 4. c3 b6 5. dxc5 bxc5 6. Qb3 Bg7 7. Be2 0-0 8. 0-0 Nc6 9. Rd1 Qc7 10. Nbd2 Rb8 11. Qc2 d6 12. e4 Bd7 13. Nf1 h6 14. Ne3 e6 15. b3 Rfd8 16. Bb2 Be8 17. Rac1 d5 18. exd5 exd5 19. a3 a5 20. b4 c4 21. h3 Qb6 22. Bf1 Ne7 23. Nd4 Ra8 24. Re1 Nc6 25. Nxc6 Bxc6 26. Qe2 Ne4 27. f3 Nd6 28. Qf2 axb4 29. axb4 Nb5 30. Nd1 Qb7 31. Kh1 Ra2 32. Rc2 Qc7 33. Bc1 Rxc2 34. Qxc2 Qg3 35. Re3 Be5 36. Rxe5 Qxe5 37. Bxh6 Ra8 38. Bd2 Ra1 39. Kg1 Nd6 40. Nf2 Qe2 0-1

[Event "Belgrade Trophy 25th"]
[Site "Obrenovac"]
[Date "2011.11.28"]
[Round "5"]
[White "Sarenac, Ivan"]
[Black "Volas, Nikola"]
[Result "1-0"]
[WhiteElo "2327"]
[BlackElo "2103"]
[PlyCount "33"]
[EventDate "2011.11.24"]
[EventType "swiss"]
[EventRounds "9"]
[EventCountry "YUG"]
[SourceTitle "CBM 145 Extra"]
[Source "ChessBase"]
[SourceDate "2012.01.03"]
[SourceVersion "1"]
[SourceVersionDate "2012.01.03"]
[SourceQuality "1"]

1. e4 c5 2. Nf3 d6 3. d4 cxd4 4. Nxd4 Nf6 5. Nc3 a6 6. Bg5 Nbd7 7. Bc4 Qb6 8. Bb3 e6 9. Bxf6 Nxf6 10. f4 Qc5 11. Qd2 Be7 12. 0-0-0 b5 13. Rhe1 0-0 14. e5 dxe5 15. fxe5 Nd7 16. Ne4 Qxe5 17. Nc6 1-0

[Event "Belgrade Trophy 21st"]
[Site "Obrenovac"]
[Date "2008.11.27"]
[Round "1"]
[White "Mihajlovic, Miodrag"]
[Black "Volas, Nikola"]
[Result "1/2-1/2"]
[WhiteElo "2201"]
[BlackElo "2114"]
[PlyCount "71"]
[EventDate "2008.11.27"]
[EventType "swiss"]
[EventRounds "9"]
[EventCountry "YUG"]
[SourceTitle "CBM 127 Extra"]
[Source "ChessBase"]
[SourceDate "2009.01.08"]
[SourceVersion "2"]
[SourceVersionDate "2009.01.28"]
[SourceQuality "1"]

1. Nf3 d5 2. b3 Bg4 3. Bb2 Nd7 4. d4 c6 5. e3 e6 6. Be2 Ngf6 7. 0-0 Bd6 8. Ne5 Bxe2 9. Qxe2 Qc7 10. Nf3 e5 11. dxe5 Nxe5 12. Nbd2 0-0 13. c4 Rfe8 14. h3 dxc4 15. Nxc4 Nxc4 16. Qxc4 Qe7 17. Rfd1 Rad8 18. Rd4 Ne4 19. Rad1 Bb8 20. Rxd8 Rxd8 21. Rxd8+ Qxd8 22. Qd4 Qxd4 23. Bxd4 f6 24. Kf1 c5 25. Bb2 Kf7 26. Ke2 Ke6 27. Nd2 Nxd2 28. Kxd2 Be5 29. Bxe5 Kxe5 30. Kd3 b5 31. f4+ Ke6 32. e4 g5 33. g3 h5 34. h4 g4 35. Kc3 a6 36. a3 1/2-1/2

[Event "Belgrade Trophy 19th"]
[Site "Belgrade"]
[Date "2006.11.28"]
[Round "7"]
[White "Markovic, Zivota"]
[Black "Volas, Nikola"]
[Result "0-1"]
[WhiteElo "1965"]
[BlackElo "2113"]
[PlyCount "86"]
[EventDate "2006.11.22"]
[EventType "swiss"]
[EventRounds "9"]
[EventCountry "YUG"]
[SourceTitle "CBM 115 Extra"]
[Source "ChessBase"]
[SourceDate "2007.01.10"]
[SourceVersion "1"]
[SourceVersionDate "2007.01.10"]
[SourceQuality "1"]

1. d4 c5 2. d5 e6 3. c4 exd5 4. cxd5 d6 5. Nc3 g6 6. e4 Bg7 7. Qc2 Nf6 8. Be2 0-0 9. Bg5 Na6 10. a3 Nc7 11. f4 Re8 12. 0-0-0 b5 13. Nf3 h6 14. Bh4 Qd7 15. h3 b4 16. e5 bxc3 17. exf6 cxb2+ 18. Qxb2 Bf8 19. g4 Qa4 20. Bg3 Rxe2 21. Qxe2 Rb8 22. Qe3 Ba6 23. Be1 Rb3 24. Bc3 Nb5 25. Rd3 Nxc3 26. Rxc3 Qxa3+ 27. Kd2 Qb2+ 28. Rc2 Qxc2+ 29. Kxc2 Rxe3 30. Nd2 Bd3+ 31. Kb2 c4 32. Rh2 Be2 33. Kc2 a5 34. Rh1 a4 35. g5 a3 36. Kb1 Rd3 37. Kc2 Rxd5 38. Re1 Bd3+ 39. Kc3 hxg5 40. fxg5 Rxg5 41. h4 Rf5 42. Ne4 Bxe4 43. Rxe4 d5 0-1

[Event "Belgrade Trophy 18th"]
[Site "Obrenovac"]
[Date "2005.??.??"]
[Round "2"]
[White "Stancic, Lazar"]
[Black "Volas, Nikola"]
[Result "1/2-1/2"]
[WhiteElo "1923"]
[BlackElo "2146"]
[PlyCount "94"]
[EventDate "2005.11.22"]
[EventType "swiss"]
[EventRounds "9"]
[EventCountry "YUG"]
[SourceTitle "CBM 109 Extra"]
[Source "ChessBase"]
[SourceDate "2006.01.03"]
[SourceVersion "2"]
[SourceVersionDate "2006.01.03"]
[SourceQuality "1"]

1. e4 c5 2. Nf3 d6 3. d4 cxd4 4. Qxd4 a6 5. c4 Nc6 6. Qd2 Nf6 7. Nc3 g6 8. b3 Bg7 9. Bb2 0-0 10. Be2 Bd7 11. 0-0 Qb8 12. Rfd1 Rd8 13. Rab1 b5 14. a3 Ra7 15. b4 Rb7 16. Qc2 Be8 17. Nd5 e5 18. Nxf6+ Bxf6 19. c5 Rbd7 20. cxd6 Rxd6 21. Rxd6 Rxd6 22. Rd1 Qd8 23. Bc1 Rxd1+ 24. Qxd1 Kg7 25. Qd2 Qxd2 26. Bxd2 h6 27. Bd1 g5 28. Bc3 g4 29. Nd2 Bd7 30. Nb3 Nd4 31. Nc5 Bc8 32. Kf1 Kf8 33. Bxd4 exd4 34. Ke2 Ke7 35. Kd3 Kd6 36. Bb3 Be5 37. Bxf7 Bxh2 38. Kxd4 Bg1 39. Nd3 g3 40. Ke3 Bb7 41. Bg6 gxf2 42. Nxf2 Ke5 43. Bf5 Bxf2+ 44. Kxf2 Kd4 45. g4 Bxe4 46. Bxe4 Kxe4 47. Kg3 Ke5 1/2-1/2

[Event "Belgrade Trophy 18th"]
[Site "Obrenovac"]
[Date "2005.??.??"]
[Round "5"]
[White "Volas, Nikola"]
[Black "Maksimovic, Marko"]
[Result "1-0"]
[WhiteElo "2146"]
[BlackElo "2091"]
[PlyCount "109"]
[EventDate "2005.11.22"]
[EventType "swiss"]
[EventRounds "9"]
[EventCountry "YUG"]
[SourceTitle "CBM 109 Extra"]
[Source "ChessBase"]
[SourceDate "2006.01.03"]
[SourceVersion "2"]
[SourceVersionDate "2006.01.03"]
[SourceQuality "1"]

1. e4 e6 2. d4 d5 3. Nd2 Nf6 4. e5 Nfd7 5. Bd3 c5 6. c3 Nc6 7. Ne2 cxd4 8. cxd4 f6 9. exf6 Nxf6 10. Nf3 Bd6 11. Bf4 Bxf4 12. Nxf4 0-0 13. 0-0 Ne4 14. Nh5 g6 15. Ng3 Nxg3 16. hxg3 Qb6 17. Bc2 Qxb2 18. Re1 Qa3 19. Re3 Qe7 20. Rb1 b6 21. Bb3 Qf6 22. Rc1 Na5 23. Rc7 Nxb3 24. axb3 Rf7 25. Rxf7 Qxf7 26. Ne5 Qg7 27. Rf3 Ba6 28. Rf7 Qh6 29. f4 Qh5 30. g4 Qh4 31. Qd2 Rc8 32. Nf3 Qxg4 33. Rxa7 Bb5 34. f5 gxf5 35. Ne5 Qh4 36. Nf3 Qf6 37. Qf4 Be8 38. Ne5 Bg6 39. Qh6 Qf8 40. Qg5 Qd8 41. Re7 Rc7 42. Nxg6 Rxe7 43. Qxe7 Qxe7 44. Nxe7+ Kf7 45. Nc6 Kf6 46. Kf2 f4 47. Kf3 Kf5 48. b4 b5 49. Ne5 Kg5 50. Nd3 Kf5 51. Nxf4 e5 52. g4+ Kf6 53. Nxd5+ Ke6 54. Nc7+ Kd6 55. Nxb5+ 1-0

[Event "Belgrade Jezero op 09th"]
[Site "Belgrade"]
[Date "2003.08.21"]
[Round "8"]
[White "Volas, Nikola"]
[Black "Lapcevic, Milos"]
[Result "0-1"]
[WhiteElo "2169"]
[BlackElo "2119"]
[PlyCount "120"]
[EventDate "2003.08.14"]
[EventType "swiss"]
[EventRounds "9"]
[EventCountry "YUG"]
[SourceTitle "EXT 2004"]
[Source "ChessBase"]
[SourceDate "2003.11.25"]
[SourceVersion "1"]
[SourceVersionDate "2003.11.25"]
[SourceQuality "1"]

1. e4 c5 2. Nf3 e6 3. d4 cxd4 4. Nxd4 Nc6 5. Nxc6 bxc6 6. Bd3 Nf6 7. Qe2 d5 8. e5 Nd7 9. c4 Bc5 10. 0-0 0-0 11. Nd2 f5 12. Rb1 a5 13. Nf3 Ba6 14. b3 Qe7 15. Kh1 Kh8 16. Bb2 Bb7 17. Ng1 a4 18. Nh3 axb3 19. axb3 Bb4 20. Nf4 Qf7 21. Bd4 h6 22. cxd5 cxd5 23. Rfc1 Rfc8 24. Qe3 Kg8 25. Qh3 Rxc1+ 26. Rxc1 Bd2 27. Rc7 Bxf4 28. g3 Bxe5 29. Bxe5 Nxe5 30. Rxf7 Kxf7 31. Bxf5 d4+ 32. f3 Ra1+ 33. Kg2 Bxf3+ 34. Kf2 Ra2+ 35. Kg1 Ra1+ 36. Kf2 Ra2+ 37. Kg1 d3 38. Bxe6+ Ke8 39. Bf7+ Kxf7 40. Qf5+ Kg8 41. Qc8+ Kh7 42. Qf5+ Kg8 43. Qc8+ Kh7 44. Qf5+ Ng6 45. Qxd3 Rg2+ 46. Kf1 Be2+ 47. Qxe2 Rxe2 48. Kxe2 Ne5 49. h3 Kg6 50. Ke3 Kf6 51. Ke4 Ke6 52. b4 g6 53. h4 Nf7 54. g4 Ne5 55. g5 h5 56. b5 Nd7 57. Kd4 Kd6 58. Ke4 Kc5 59. b6 Kd6 60. Kd4 Nxb6 0-1